[Event "32. Copenhagen Open (Politiken Cup)"]
[Site "Elsinore"]
[Date "2010.08.02"]
[Round "4"]
[White "Krasenkow, Michal"]
[Black "Antonsen, Mikkel"]
[Result "1-0"]
[WhiteElo "2628"]
[BlackElo "2463"]
[PlyCount "55"]
[EventDate "2010.07.31"]
[EventType "swiss"]
[EventRounds "10"]
[EventCountry "DEN"]
[Source "ChessBase"]
[SourceDate "2010.09.01"]

1. d4 Nf6 2. c4 e6 3. Nf3 d5 4. Nc3 Be7 5. Bg5 h6 6. Bxf6 Bxf6 7. Qb3 c6 8.
O-O-O dxc4 9. Qxc4 b5 10. Qd3 Nd7 11. Kb1 Be7 12. e4 O-O 13. e5 Bb7 14. Qe4 Qc8
15. Bd3 f5 16. exf6 Nxf6 17. Qe2 c5 18. Bxb5 Bxf3 19. gxf3 Rb8 20. Bc4 Kh8 21.
Bxe6 Qb7 22. d5 Bd6 23. Rd2 Nh5 24. Ne4 Qb6 25. Qc4 Nf4 26. Qc3 Ng6 27. Rg1 Ne5
28. Nxd6 1-0

[Event "32. Copenhagen Open (Politiken Cup)"]
[Site "Elsinore"]
[Date "2010.08.02"]
[Round "4"]
[White "Haagen Larsen, Hans"]
[Black "Krasenkova, Ilena"]
[Result "0-1"]
[WhiteElo "1798"]
[BlackElo "2128"]
[PlyCount "92"]
[EventDate "2010.07.31"]
[EventType "swiss"]
[EventRounds "10"]
[EventCountry "DEN"]
[Source "ChessBase"]
[SourceDate "2010.09.01"]

1. d4 Nf6 2. Bf4 g6 3. e3 Bg7 4. Nf3 c5 5. c3 Qb6 6. Qb3 Nc6 7. Nbd2 Qxb3 8.
Nxb3 cxd4 9. exd4 d6 10. Be2 O-O 11. h3 a5 12. a4 Nd5 13. Bh2 Bh6 14. Bb5 Bf5
15. O-O Bc2 16. Nc1 Na7 17. Bc4 Nb6 18. Be2 Bxa4 19. b3 Bd7 20. Rxa5 Nb5 21.
Rxa8 Rxa8 22. Bxb5 Bxb5 23. c4 Nxc4 24. bxc4 Bxc4 25. Re1 Ra1 26. Nd3 Rxe1+ 27.
Ndxe1 b5 28. Nc2 Bc1 29. d5 Bxd5 30. Nb4 Bc4 31. Nd4 e5 32. Ndc2 f5 33. f3 Kf7
34. Kf2 Bd2 35. h4 Ke6 36. g3 d5 37. Bg1 d4 38. Kg2 d3 39. Be3 Bc3 40. Kf2 dxc2
41. Nxc2 b4 42. Bc5 b3 43. Na3 Kd5 44. Nb1 Kxc5 45. Nxc3 Kd4 46. Na4 Bb5 0-1

[Event "32. Copenhagen Open (Politiken Cup)"]
[Site "Elsinore"]
[Date "2010.08.02"]
[Round "4"]
[White "Macieja, Bartlomiej"]
[Black "Nielsen, Lars Aaes"]
[Result "1-0"]
[WhiteElo "2639"]
[BlackElo "2279"]
[PlyCount "75"]
[EventDate "2010.07.31"]
[EventType "swiss"]
[EventRounds "10"]
[EventCountry "DEN"]
[Source "ChessBase"]
[SourceDate "2010.09.01"]

1. d4 e6 2. c4 b6 3. a3 Nf6 4. Nc3 d5 5. cxd5 exd5 6. g3 Be7 7. Bg2 O-O 8. b4
Bb7 9. Qb3 Ne4 10. Bb2 Bf6 11. e3 Nxc3 12. Bxc3 b5 13. Ne2 Nd7 14. a4 bxa4 15.
Qxa4 Nb6 16. Qc2 Bc6 17. O-O Re8 18. Ra5 a6 19. Rfa1 Bb5 20. Nf4 c6 21. Nd3 Nc4
22. R5a2 Qc8 23. Nc5 h5 24. e4 dxe4 25. Nxe4 Be7 26. Re1 Qf5 27. d5 Ne5 28.
Nf6+ Qxf6 29. Rxe5 Qg6 30. Qxg6 fxg6 31. dxc6 Bf6 32. Rxe8+ Rxe8 33. Bd5+ Kf8
34. Bxf6 gxf6 35. Rc2 g5 36. Rc1 h4 37. c7 Bd7 38. Bc6 1-0

[Event "32. Copenhagen Open (Politiken Cup)"]
[Site "Elsinore"]
[Date "2010.08.02"]
[Round "4"]
[White "Meier, Lars"]
[Black "Holst, Conny"]
[Result "1/2-1/2"]
[WhiteElo "1934"]
[BlackElo "2185"]
[PlyCount "95"]
[EventDate "2010.07.31"]
[EventType "swiss"]
[EventRounds "10"]
[EventCountry "DEN"]
[Source "ChessBase"]
[SourceDate "2010.09.01"]

1. e4 c5 2. Nf3 d6 3. d4 cxd4 4. Nxd4 Nf6 5. Bd3 Nc6 6. Nb3 g6 7. Nc3 Bg7 8.
O-O O-O 9. h3 d5 10. exd5 Nxd5 11. Nxd5 Qxd5 12. c3 Rd8 13. Bc2 Qxd1 14. Rxd1
Rxd1+ 15. Bxd1 Ne5 16. Be2 Bf5 17. Be3 h5 18. Rd1 Be6 19. f4 Bc4 20. fxe5 Bxe2
21. Rd7 e6 22. Bd4 b6 23. Nd2 Bb5 24. Rc7 Bd3 25. Kf2 Bh6 26. Be3 Bg7 27. Bf4
g5 28. Bh2 Bf8 29. Nf3 Bc5+ 30. Nd4 a5 31. Ke3 Bf1 32. Kf3 Bc4 33. a3 Bd5+ 34.
Kf2 a4 35. g4 h4 36. Kf1 Ra5 37. Bg1 Be4 38. Be3 Bxd4 39. cxd4 Rb5 40. Bxg5
Rxb2 41. Bf6 Bg2+ 42. Ke1 Bxh3 43. Rc8+ Kh7 44. Rh8+ Kg6 45. Rxh4 Bg2 46. Rh2
b5 47. Rh8 Be4 48. Rg8+ 1/2-1/2

[Event "32. Copenhagen Open (Politiken Cup)"]
[Site "Elsinore"]
[Date "2010.08.02"]
[Round "4"]
[White "Mercant Simon, Jaume"]
[Black "Rej, Tomek"]
[Result "0-1"]
[WhiteElo "2100"]
[BlackElo "2334"]
[PlyCount "66"]
[EventDate "2010.07.31"]
[EventType "swiss"]
[EventRounds "10"]
[EventCountry "DEN"]
[Source "ChessBase"]
[SourceDate "2010.09.01"]

1. e4 e5 2. Nf3 Nc6 3. Bc4 Nf6 4. Ng5 d5 5. exd5 Na5 6. Bb5+ c6 7. dxc6 bxc6 8.
Bd3 Ng4 9. Ne4 f5 10. Ng3 Bc5 11. Bxf5 Bxf2+ 12. Kf1 Ne3+ 13. dxe3 Qxd1+ 14.
Kxf2 Qd6 15. Bxc8 Rxc8 16. Re1 O-O+ 17. Kg1 Qf6 18. Ne4 Qh4 19. Ng3 Qf6 20. Ne4
Qg6 21. Nbc3 Nc4 22. b3 Nd6 23. Nxd6 Qxd6 24. Bb2 Rcd8 25. Re2 e4 26. a4 Qh6
27. Rae1 Qh4 28. Ba3 Rf5 29. Rd1 Rxd1+ 30. Nxd1 Qf6 31. Re1 Qa1 32. Bb2 Qb1 33.
c4 Qc2 0-1

[Event "32. Copenhagen Open (Politiken Cup)"]
[Site "Elsinore"]
[Date "2010.08.02"]
[Round "4"]
[White "Moller, Arne"]
[Black "Brondum, Eric"]
[Result "0-1"]
[WhiteElo "1907"]
[BlackElo "2145"]
[PlyCount "88"]
[EventDate "2010.07.31"]
[EventType "swiss"]
[EventRounds "10"]
[EventCountry "DEN"]
[Source "ChessBase"]
[SourceDate "2010.09.01"]

1. e4 c5 2. b3 Nc6 3. Bb2 d6 4. Nf3 e5 5. Be2 Nf6 6. d3 Be7 7. c3 O-O 8. O-O
Rb8 9. Nbd2 b5 10. d4 Qc7 11. d5 Nd8 12. a4 a6 13. Qc2 Bd7 14. axb5 axb5 15.
Ra2 Nb7 16. Rfa1 Rfc8 17. Ra7 Qd8 18. c4 b4 19. Nf1 Ne8 20. Ng3 g6 21. Bd3 Bf6
22. h3 Bg7 23. Qd2 h6 24. Nh2 Nf6 25. Qe2 Kh7 26. Ng4 Nxg4 27. hxg4 Qh4 28. Nf5
gxf5 29. exf5 Bf6 30. g3 Qg5 31. Bc1 Qg7 32. Qe4 Kg8 33. Kg2 Bg5 34. Bxg5 hxg5
35. f6 Qxf6 36. Rh1 Kf8 37. Rh7 Ke7 38. Qe3 Rg8 39. f3 Kd8 40. Ra1 Kc7 41. Rah1
Ra8 42. R1h6 Qe7 43. Rg6 Ra2+ 44. Kh3 fxg6 0-1

[Event "32. Copenhagen Open (Politiken Cup)"]
[Site "Elsinore"]
[Date "2010.08.02"]
[Round "4"]
[White "Moripen, Markus"]
[Black "Astrom, Lars"]
[Result "0-1"]
[WhiteElo "1953"]
[BlackElo "1795"]
[PlyCount "134"]
[EventDate "2010.07.31"]
[EventType "swiss"]
[EventRounds "10"]
[EventCountry "DEN"]
[Source "ChessBase"]
[SourceDate "2010.09.01"]

1. e4 c5 2. Nc3 Nc6 3. f4 g6 4. Nf3 Bg7 5. Bc4 e6 6. O-O Nge7 7. Qe1 O-O 8. d3
d5 9. Bb3 Nd4 10. Kh1 Bd7 11. Nxd4 cxd4 12. Nd1 dxe4 13. dxe4 Rc8 14. Rf3 Bb5
15. Nf2 Bc4 16. e5 Qd5 17. Bd2 Bxb3 18. cxb3 Nf5 19. Rd1 Rc7 20. Rd3 Rc2 21.
Bc3 Qc6 22. Bxd4 Nxd4 23. Rxd4 Rxb2 24. Rc4 Qb6 25. Rd2 Rxd2 26. Qxd2 Rd8 27.
Qc2 Qe3 28. Re4 Qd2 29. Qc5 Qxa2 30. h3 Bf8 31. Qe3 Rd2 32. Ra4 Qb1+ 33. Kh2
Qb2 34. Kg3 Be7 35. Rc4 Kg7 36. Rc8 Rxf2 37. Qe4 Qe2 38. Qxe2 Rxe2 39. Rc7 Bb4
40. Rxb7 a5 41. Kf3 Rb2 42. g4 Rxb3+ 43. Kg2 Rb2+ 44. Kf3 Bc3 45. Ra7 Ra2 46.
Rc7 Ra3 47. Ke4 Bxe5 48. Kxe5 Rxh3 49. g5 h6 50. gxh6+ Rxh6 51. Kd6 Rh5 52. Rc4
Rb5 53. Ra4 Kf6 54. Kd7 Rd5+ 55. Ke8 e5 56. fxe5+ Rxe5+ 57. Kf8 g5 58. Ra1 g4
59. Rf1+ Kg5 60. Rb1 g3 61. Kxf7 g2 62. Rg1 Re2 63. Kg7 Rf2 64. Kh7 a4 65. Kh8
Kg6 66. Kg8 a3 67. Rh1 gxh1=N 0-1

[Event "32. Copenhagen Open (Politiken Cup)"]
[Site "Elsinore"]
[Date "2010.08.02"]
[Round "4"]
[White "Mortensen, Henrik"]
[Black "Taylor, Graham Christopher"]
[Result "1/2-1/2"]
[WhiteElo "2003"]
[BlackElo "2160"]
[PlyCount "39"]
[EventDate "2010.07.31"]
[EventType "swiss"]
[EventRounds "10"]
[EventCountry "DEN"]
[Source "ChessBase"]
[SourceDate "2010.09.01"]

1. e4 c5 2. Ne2 e6 3. c4 Nc6 4. d4 cxd4 5. Nxd4 Nf6 6. Nc3 Bb4 7. Nxc6 bxc6 8.
Bd3 Bxc3+ 9. bxc3 Qa5 10. Bd2 O-O 11. O-O d6 12. f4 e5 13. f5 d5 14. cxd5 cxd5
15. Qe1 dxe4 16. Bxe4 Nxe4 17. Qxe4 Qb6+ 18. Kh1 Bb7 19. Qg4 f6 20. Rae1
1/2-1/2

[Event "32. Copenhagen Open (Politiken Cup)"]
[Site "Elsinore"]
[Date "2010.08.02"]
[Round "4"]
[White "Nielsen, Aage Sondergaard"]
[Black "Halldorsson, Bragi"]
[Result "1-0"]
[WhiteElo "1944"]
[BlackElo "2253"]
[PlyCount "69"]
[EventDate "2010.07.31"]
[EventType "swiss"]
[EventRounds "10"]
[EventCountry "DEN"]
[Source "ChessBase"]
[SourceDate "2010.09.01"]

1. e4 c6 2. Ne2 d5 3. e5 Bf5 4. Ng3 Bg6 5. d4 e6 6. c3 Nd7 7. Be2 Ne7 8. h4 h6
9. h5 Bh7 10. Bd3 Bxd3 11. Qxd3 c5 12. Na3 Nc6 13. Nc2 Qb6 14. O-O Be7 15. Kh1
O-O-O 16. a4 f5 17. a5 Nxa5 18. b4 cxb4 19. cxb4 Nc4 20. Ne3 Nxe3 21. Bxe3 Kb8
22. Rfb1 Rc8 23. b5 Rc4 24. Ne2 Rb4 25. Bd2 Rxb1+ 26. Qxb1 Qc7 27. Qa2 b6 28.
Rc1 Qb7 29. Nf4 Nf8 30. Rc6 Qd7 31. Qa6 Rg8 32. Ba5 bxa5 33. b6 Nh7 34. Rc7
Qxc7 35. bxc7+ 1-0

[Event "32. Copenhagen Open (Politiken Cup)"]
[Site "Elsinore"]
[Date "2010.08.02"]
[Round "4"]
[White "Nielsen, John Bauneborg"]
[Black "Spiess, Thomas"]
[Result "1-0"]
[WhiteElo "2139"]
[BlackElo "1979"]
[PlyCount "117"]
[EventDate "2010.07.31"]
[EventType "swiss"]
[EventRounds "10"]
[EventCountry "DEN"]
[Source "ChessBase"]
[SourceDate "2010.09.01"]

1. d4 d5 2. c4 e6 3. Nc3 c6 4. cxd5 exd5 5. Nf3 Nf6 6. Bg5 h6 7. Bh4 Bf5 8. e3
Bd6 9. Qb3 Qb6 10. Qxb6 axb6 11. Bxf6 gxf6 12. Kd2 b5 13. Nh4 Be6 14. Bd3 Rg8
15. f4 Na6 16. Rac1 Nc7 17. Bb1 Ke7 18. Rhe1 b4 19. Nd1 Nb5 20. g3 Bc7 21. b3
Bg4 22. Nf2 Na3 23. Nxg4 Nxb1+ 24. Rxb1 Rxa2+ 25. Kd3 Rxg4 26. Nf5+ Kf8 27. Ra1
Rxa1 28. Rxa1 Ke8 29. Ra7 Kd7 30. Rxb7 h5 31. e4 dxe4+ 32. Kxe4 Rg8 33. Nh6 Rh8
34. Nf5 Re8+ 35. Kd3 Re1 36. Rxb4 Rh1 37. h4 Rg1 38. Ke3 Re1+ 39. Kf2 Rc1 40.
Rc4 Rb1 41. Rc3 Bb6 42. Ke2 Rb2+ 43. Kf3 Rd2 44. Ke4 Re2+ 45. Re3 Rd2 46. Rd3
Re2+ 47. Kf3 Ra2 48. Ng7 Ra5 49. Ke4 Rd5 50. f5 Ke7 51. Nxh5 Rd8 52. Nf4 Kd6
53. Rd1 Ra8 54. h5 Ra2 55. Rh1 Ra8 56. h6 Re8+ 57. Kd3 c5 58. h7 Rh8 59. Ng6
1-0

[Event "32. Copenhagen Open (Politiken Cup)"]
[Site "Elsinore"]
[Date "2010.08.02"]
[Round "4"]
[White "Nielsen, Palle"]
[Black "Nielsen, Borge Hjerrild"]
[Result "1/2-1/2"]
[WhiteElo "1851"]
[BlackElo "2067"]
[PlyCount "80"]
[EventDate "2010.07.31"]
[EventType "swiss"]
[EventRounds "10"]
[EventCountry "DEN"]
[Source "ChessBase"]
[SourceDate "2010.09.01"]

1. Nf3 d5 2. d4 Nf6 3. c3 g6 4. Nbd2 Bg7 5. h3 O-O 6. Ne5 Nbd7 7. Ndf3 Ne4 8.
Bf4 c6 9. e3 f6 10. Nd3 Re8 11. Nd2 e5 12. Bh2 Nxd2 13. Qxd2 Qe7 14. O-O-O a5
15. g4 b5 16. Kb1 Ba6 17. Nc1 Nb6 18. Nb3 Bc8 19. Nc5 Nd7 20. Nxd7 Bxd7 21. Bd3
Be6 22. f4 e4 23. Be2 f5 24. Rdg1 Kf7 25. Bg3 Qd7 26. Qd1 Rg8 27. gxf5 Bxf5 28.
Bg4 Bf6 29. Bxf5 Qxf5 30. Qg4 h5 31. Qxf5 gxf5 32. Bf2 Be7 33. Kc2 Rxg1 34.
Rxg1 Rg8 35. Rxg8 Kxg8 36. a3 c5 37. Be1 Kf7 38. b4 axb4 39. axb4 cxb4 40. cxb4
Ke6 1/2-1/2

[Event "32. Copenhagen Open (Politiken Cup)"]
[Site "Elsinore"]
[Date "2010.08.02"]
[Round "4"]
[White "Ostergaard, Rasmus"]
[Black "Hjornevik, Knut Jarle"]
[Result "1-0"]
[WhiteElo "2145"]
[BlackElo "1981"]
[PlyCount "69"]
[EventDate "2010.07.31"]
[EventType "swiss"]
[EventRounds "10"]
[EventCountry "DEN"]
[Source "ChessBase"]
[SourceDate "2010.09.01"]

1. d4 d5 2. c4 dxc4 3. e4 e5 4. Nf3 exd4 5. Bxc4 Nc6 6. O-O Be6 7. Bxe6 fxe6 8.
Qb3 Qd7 9. Qxb7 Rb8 10. Qa6 Bd6 11. Nbd2 Nf6 12. a3 O-O 13. b4 e5 14. Bb2 Kh8
15. Rac1 Rb6 16. Qe2 a5 17. b5 Nd8 18. a4 Rb8 19. Nc4 Qe7 20. Ne1 Nb7 21. Nd3
Nd7 22. Kh1 Qh4 23. g3 Qh3 24. f4 exf4 25. gxf4 Ndc5 26. Rf3 Qh5 27. Nxd6 cxd6
28. Bxd4 Nxe4 29. Qxe4 Rfe8 30. Bxg7+ Kg8 31. Be5 dxe5 32. Nxe5 Nd6 33. Qd5+
Kh8 34. Qxd6 Rbd8 35. Qf6+ 1-0

[Event "32. Copenhagen Open (Politiken Cup)"]
[Site "Elsinore"]
[Date "2010.08.02"]
[Round "4"]
[White "Peschlow, Patrick"]
[Black "Cmilyte, Viktorija"]
[Result "0-1"]
[WhiteElo "2311"]
[BlackElo "2527"]
[PlyCount "100"]
[EventDate "2010.07.31"]
[EventType "swiss"]
[EventRounds "10"]
[EventCountry "DEN"]
[Source "ChessBase"]
[SourceDate "2010.09.01"]

1. e4 e5 2. Nf3 Nc6 3. Bb5 f5 4. d3 fxe4 5. dxe4 Nf6 6. O-O d6 7. Nc3 a6 8. Bc4
Na5 9. Bd3 Be7 10. Nd5 O-O 11. Nxe7+ Qxe7 12. Bg5 h6 13. Bh4 Bg4 14. Qe1 Nc6
15. Nd2 g5 16. Bg3 Nh5 17. f3 Be6 18. Bc4 Nd4 19. Qd1 b5 20. Bxe6+ Nxe6 21. a4
Nhf4 22. Rf2 c6 23. Nf1 d5 24. axb5 axb5 25. Rxa8 Rxa8 26. exd5 cxd5 27. Bxf4
Nxf4 28. g3 Nh3+ 29. Kg2 Qe6 30. Rd2 e4 31. fxe4 g4 32. Re2 dxe4 33. Ne3 h5 34.
Rd2 Qf6 35. Nxg4 hxg4 36. Qxg4+ Ng5 37. Rd5 Qf3+ 38. Qxf3 Nxf3 39. Rxb5 Re8 40.
Rb4 Nxh2 41. Kf2 Ng4+ 42. Ke2 Kf7 43. Rb7+ Kg6 44. Rb6+ Nf6 45. c4 Kf5 46. b4
Nh5 47. Rb5+ Kg4 48. Rd5 Nxg3+ 49. Ke3 Nf5+ 50. Ke2 e3 0-1

[Event "32. Copenhagen Open (Politiken Cup)"]
[Site "Elsinore"]
[Date "2010.08.02"]
[Round "4"]
[White "Petersen, Steen"]
[Black "Skjoldager, Mikael"]
[Result "1-0"]
[WhiteElo "2152"]
[BlackElo "1978"]
[PlyCount "51"]
[EventDate "2010.07.31"]
[EventType "swiss"]
[EventRounds "10"]
[EventCountry "DEN"]
[Source "ChessBase"]
[SourceDate "2010.09.01"]

1. e4 c5 2. Nf3 d6 3. Nc3 Nf6 4. d4 cxd4 5. Nxd4 a6 6. Bg5 e6 7. f4 Qb6 8. Qd2
Qxb2 9. Rb1 Qa3 10. Bxf6 gxf6 11. f5 Nc6 12. Nxc6 bxc6 13. fxe6 fxe6 14. Be2 h5
15. O-O Qc5+ 16. Kh1 Qe5 17. Na4 Bh6 18. Qd3 a5 19. Nb6 Ba6 20. c4 Rd8 21. Qh3
Bf4 22. Rxf4 Qxf4 23. Qxe6+ Kf8 24. Rf1 Re8 25. Qxe8+ Kxe8 26. Rxf4 1-0

[Event "32. Copenhagen Open (Politiken Cup)"]
[Site "Elsinore"]
[Date "2010.08.02"]
[Round "4"]
[White "Petersen, Tom Petri"]
[Black "Rostgaard, Tobias Valentin"]
[Result "1-0"]
[WhiteElo "2307"]
[BlackElo "2103"]
[PlyCount "105"]
[EventDate "2010.07.31"]
[EventType "swiss"]
[EventRounds "10"]
[EventCountry "DEN"]
[Source "ChessBase"]
[SourceDate "2010.09.01"]

1. d4 Nf6 2. Nf3 c5 3. c3 e6 4. g3 d5 5. Bg2 Qb6 6. O-O Nc6 7. b3 Bd7 8. Ba3
Ne4 9. Nfd2 Nxd2 10. Bxc5 Bxc5 11. dxc5 Qxc5 12. Qxd2 Rd8 13. Qb2 O-O 14. Qa3
b6 15. Qxc5 bxc5 16. Na3 a5 17. Rfd1 f5 18. e3 a4 19. Nb5 Ne5 20. bxa4 c4 21.
Rab1 Ra8 22. Nd4 Rfb8 23. Rxb8+ Rxb8 24. Nb5 Bxb5 25. Rb1 Ra8 26. axb5 Rxa2 27.
b6 Ra8 28. f3 Nd3 29. Bf1 Nc5 30. b7 Rb8 31. Rb5 Na4 32. Ra5 Nb6 33. Rb5 Rxb7
34. e4 fxe4 35. fxe4 dxe4 36. Bxc4 Kf7 37. Bb3 Rb8 38. Kf2 Kf6 39. Bc2 e3+ 40.
Ke2 h6 41. Bd3 Nd7 42. Rxb8 Nxb8 43. Bb5 Ke5 44. Kxe3 g5 45. g4 Kd5 46. c4+ Ke5
47. h3 h5 48. gxh5 Kf5 49. Kf3 Ke5 50. Kg4 Kf6 51. h6 Kg6 52. h7 Kxh7 53. Kxg5
1-0

[Event "32. Copenhagen Open (Politiken Cup)"]
[Site "Elsinore"]
[Date "2010.08.02"]
[Round "4"]
[White "Postny, Evgeny"]
[Black "Aabling Thomsen, Jakob"]
[Result "1-0"]
[WhiteElo "2577"]
[BlackElo "2314"]
[PlyCount "37"]
[EventDate "2010.07.31"]
[EventType "swiss"]
[EventRounds "10"]
[EventCountry "DEN"]
[Source "ChessBase"]
[SourceDate "2010.09.01"]

1. d4 Nf6 2. c4 g6 3. f3 e5 4. dxe5 Nh5 5. Nh3 Nc6 6. Bg5 Be7 7. Bxe7 Qxe7 8.
Nc3 O-O 9. g4 Ng7 10. f4 d6 11. exd6 cxd6 12. Nf2 Qh4 13. e3 Ne6 14. Bg2 Nc5
15. O-O Re8 16. Qxd6 Nd7 17. Nd5 Re6 18. Qa3 Nf6 19. g5 1-0

[Event "32. Copenhagen Open (Politiken Cup)"]
[Site "Elsinore"]
[Date "2010.08.02"]
[Round "4"]
[White "Ramme, Christoph"]
[Black "Pedersen, Carl Aage"]
[Result "1-0"]
[WhiteElo "2062"]
[BlackElo "1776"]
[PlyCount "49"]
[EventDate "2010.07.31"]
[EventType "swiss"]
[EventRounds "10"]
[EventCountry "DEN"]
[Source "ChessBase"]
[SourceDate "2010.09.01"]

1. d4 d5 2. Nf3 Nf6 3. Bf4 e6 4. e3 c5 5. c3 Nc6 6. Nbd2 cxd4 7. exd4 Be7 8.
Bd3 h6 9. Qe2 a6 10. Ne5 Bd7 11. Bg3 O-O 12. O-O Rc8 13. Rae1 Be8 14. Kh1 Bd6
15. f4 Nd7 16. f5 exf5 17. Bxf5 Ncxe5 18. dxe5 Bc5 19. b4 Ba7 20. e6 fxe6 21.
Bxe6+ Bf7 22. Bxf7+ Rxf7 23. Rxf7 Kxf7 24. Qe6+ Kf8 25. Bd6+ 1-0

[Event "32. Copenhagen Open (Politiken Cup)"]
[Site "Elsinore"]
[Date "2010.08.02"]
[Round "4"]
[White "Rasmussen, Allan Stig"]
[Black "Meier, Georg"]
[Result "1/2-1/2"]
[WhiteElo "2510"]
[BlackElo "2648"]
[PlyCount "85"]
[EventDate "2010.07.31"]
[EventType "swiss"]
[EventRounds "10"]
[EventCountry "DEN"]
[Source "ChessBase"]
[SourceDate "2010.09.01"]

1. e4 e6 2. d4 d5 3. Nc3 dxe4 4. Nxe4 Nd7 5. Nf3 Ngf6 6. Nxf6+ Nxf6 7. Be3 Nd5
8. Bd2 c5 9. Bb5+ Bd7 10. Bxd7+ Qxd7 11. c4 Nb6 12. Rc1 f6 13. dxc5 Bxc5 14.
O-O Rc8 15. Qe2 O-O 16. Rfd1 e5 17. Be3 Qc6 18. Bxc5 Qxc5 19. Nd2 f5 20. a3
Rce8 21. b4 Qc6 22. c5 Nd5 23. Qc4 b5 24. cxb6 Qxc4 25. Nxc4 Nxb6 26. Kf1 e4
27. Nxb6 axb6 28. Rd6 Ra8 29. Rc3 Rf6 30. Rxf6 gxf6 31. Ke2 f4 32. g3 Kf7 33.
gxf4 Ke6 34. f3 Kd5 35. Ke3 exf3 36. Kxf3 Kd4 37. Rc6 f5 38. Rd6+ Kc4 39. Rxb6
Rxa3+ 40. Kg2 Kd5 41. Rh6 Rb3 42. Rxh7 Ke4 43. Rh3 1/2-1/2

[Event "32. Copenhagen Open (Politiken Cup)"]
[Site "Elsinore"]
[Date "2010.08.02"]
[Round "4"]
[White "Rodshtein, Maxim"]
[Black "Sorensen, Torben N"]
[Result "1-0"]
[WhiteElo "2609"]
[BlackElo "2419"]
[PlyCount "61"]
[EventDate "2010.07.31"]
[EventType "swiss"]
[EventRounds "10"]
[EventCountry "DEN"]
[Source "ChessBase"]
[SourceDate "2010.09.01"]

1. d4 d5 2. Nf3 a6 3. Bg5 h6 4. Bh4 Nd7 5. e3 Ngf6 6. Nbd2 e6 7. Bd3 Be7 8. O-O
O-O 9. c3 c5 10. a4 b6 11. Qb1 Bb7 12. b4 cxb4 13. cxb4 Ne8 14. Bxe7 Qxe7 15.
Ne5 Nd6 16. a5 Nxe5 17. dxe5 Nc8 18. Qb2 Qd8 19. Nb3 Ne7 20. Qd4 Nc6 21. Qxb6
Qxb6 22. axb6 Nxb4 23. Be2 Rfb8 24. Ra4 Nc6 25. Rc1 Nxe5 26. Na5 Bc8 27. Rb4
Bd7 28. f4 Nc4 29. Bxc4 dxc4 30. b7 Ra7 31. Rcxc4 1-0

[Event "32. Copenhagen Open (Politiken Cup)"]
[Site "Elsinore"]
[Date "2010.08.02"]
[Round "4"]
[White "Rundgren, Anders"]
[Black "Christiansen, Jens Jorgen"]
[Result "1-0"]
[WhiteElo "1915"]
[BlackElo "2156"]
[PlyCount "65"]
[EventDate "2010.07.31"]
[EventType "swiss"]
[EventRounds "10"]
[EventCountry "DEN"]
[Source "ChessBase"]
[SourceDate "2010.09.01"]

1. d4 d5 2. c4 c6 3. Nf3 Nf6 4. Nc3 dxc4 5. a4 Bf5 6. Ne5 e6 7. f3 c5 8. e4
cxd4 9. exf5 Bb4 10. Bxc4 dxc3 11. Qxd8+ Kxd8 12. Nxf7+ Ke7 13. bxc3 Bxc3+ 14.
Ke2 Kxf7 15. fxe6+ Ke8 16. Rb1 a6 17. Rxb7 Nc6 18. Ba3 Ba5 19. Rd1 Bd8 20. Rxg7
Ne5 21. Ba2 Rg8 22. Rxd8+ Rxd8 23. Re7+ Kf8 24. Rxh7+ Ke8 25. Re7+ Kf8 26. g3
Rh8 27. Rh7+ Kg8 28. Rxh8+ Kxh8 29. Be7 Rc8 30. Bxf6+ Kg8 31. e7+ Nf7 32. Be6
Rb8 33. Bd7 1-0

[Event "32. Copenhagen Open (Politiken Cup)"]
[Site "Elsinore"]
[Date "2010.08.02"]
[Round "4"]
[White "Schmitt, Carsten"]
[Black "Bratteteig, Tore Inge"]
[Result "1-0"]
[WhiteElo "1933"]
[BlackElo "1671"]
[PlyCount "114"]
[EventDate "2010.07.31"]
[EventType "swiss"]
[EventRounds "10"]
[EventCountry "DEN"]
[Source "ChessBase"]
[SourceDate "2010.09.01"]

1. e4 e6 2. b3 d5 3. Bb2 Nf6 4. exd5 exd5 5. Nf3 Be7 6. Be2 O-O 7. O-O c5 8. d4
b6 9. Nbd2 Nbd7 10. Re1 Bb7 11. c4 Re8 12. Rc1 Rc8 13. Nf1 Bf8 14. Bd3 g6 15.
Bb1 Bg7 16. N1d2 Rxe1+ 17. Qxe1 Qf8 18. Bd3 Re8 19. Qf1 Re7 20. Ba3 Qd8 21.
cxd5 Bxd5 22. dxc5 bxc5 23. Bxc5 Nxc5 24. Rxc5 Rc7 25. Rxc7 Qxc7 26. Bc4 Bxc4
27. Qxc4 Qxc4 28. bxc4 Nd7 29. Kf1 h6 30. Ke2 Kf8 31. Nb3 Ke7 32. Nbd4 Kd6 33.
Nb3 f5 34. Nfd2 Ne5 35. f4 Nd7 36. Nf3 Bf6 37. Kd3 Nf8 38. Nfd4 a6 39. Ke3 Bd8
40. Kd3 Nd7 41. Nf3 Bb6 42. Nh4 Nf8 43. Nd2 Ke6 44. Nhf3 Kd6 45. Nb3 Nd7 46.
Kc3 Bd8 47. Kb4 Kc6 48. Ne5+ Nxe5 49. fxe5 Be7+ 50. Kc3 Bd8 51. Kd4 Bb6+ 52. c5
Bd8 53. Kc4 Bc7 54. Nd4+ Kd7 55. Kd5 Bd8 56. a4 Bc7 57. Ne6 Ba5 1-0

[Event "32. Copenhagen Open (Politiken Cup)"]
[Site "Elsinore"]
[Date "2010.08.02"]
[Round "4"]
[White "Schou Moldt, Thomas"]
[Black "Hansen, Rene Rauer"]
[Result "1-0"]
[WhiteElo "2183"]
[BlackElo "2028"]
[PlyCount "69"]
[EventDate "2010.07.31"]
[EventType "swiss"]
[EventRounds "10"]
[EventCountry "DEN"]
[Source "ChessBase"]
[SourceDate "2010.09.01"]

1. e4 e5 2. Nf3 Nc6 3. Bc4 Bc5 4. b4 Bxb4 5. c3 Ba5 6. d4 exd4 7. O-O Nge7 8.
Ng5 Ne5 9. Nxf7 Nxf7 10. Bxf7+ Kxf7 11. Qh5+ g6 12. Qxa5 d6 13. cxd4 Nc6 14.
Qd2 Re8 15. Nc3 Kg8 16. f4 d5 17. f5 dxe4 18. f6 Rf8 19. Nxe4 Qxd4+ 20. Qxd4
Nxd4 21. Bh6 Rf7 22. Ng5 Nf5 23. Nxf7 Kxf7 24. Bf4 c5 25. Rae1 Be6 26. g4 Nd4
27. Bh6 c4 28. Re4 Rd8 29. Rff4 Nc2 30. Rxe6 Kxe6 31. f7 Rd1+ 32. Kf2 Rd2+ 33.
Kg3 Rd3+ 34. Kh4 Ne3 35. Rf6+ 1-0

[Event "32. Copenhagen Open (Politiken Cup)"]
[Site "Elsinore"]
[Date "2010.08.02"]
[Round "4"]
[White "Schroer, Marcel"]
[Black "Satre, Roger"]
[Result "0-1"]
[WhiteElo "2106"]
[BlackElo "1801"]
[PlyCount "98"]
[EventDate "2010.07.31"]
[EventType "swiss"]
[EventRounds "10"]
[EventCountry "DEN"]
[Source "ChessBase"]
[SourceDate "2010.09.01"]

1. e4 e6 2. d4 d5 3. Nc3 Bb4 4. e5 c5 5. a3 Bxc3+ 6. bxc3 Ne7 7. Qg4 Qc7 8.
Qxg7 Rg8 9. Qxh7 cxd4 10. Ne2 Nbc6 11. f4 Bd7 12. Qd3 dxc3 13. Nxc3 a6 14. h4
O-O-O 15. Rb1 Na5 16. Rh3 Nf5 17. h5 Nc4 18. h6 Qa5 19. h7 Rh8 20. g4 Ne7 21.
Kd1 Rdf8 22. Ne4 Bb5 23. Qb3 dxe4 24. Bxc4 Rd8+ 25. Ke2 Nc6 26. c3 Rd3 27. Rxd3
exd3+ 28. Kxd3 Bxc4+ 29. Qxc4 Rxh7 30. Rb2 Qxa3 31. Rxb7 Rh3+ 32. Kc2 Rxc3+ 33.
Qxc3 Qxc3+ 34. Kxc3 Kxb7 35. Ba3 Kb6 36. Bd6 Kb5 37. g5 Nd8 38. Be7 Nc6 39. Bd6
Nd8 40. Be7 Nc6 41. Ba3 Nd8 42. Kd4 Kc6 43. Be7 Kd7 44. Bxd8 Kxd8 45. Kc5 Kc7
46. Kb4 Kc6 47. Kc4 a5 48. Kd4 a4 49. Ke4 a3 0-1